000 00649nam a2200205Ia 4500
003 GCL
008 140319s9999 xx 000 0 ara d
040 _aGCL /
_cGCL
082 0 4 _a245.8
_bم ش
100 1 _aمحمد عمارة
245 1 0 _aالشيخ محمد الغزالى: الموقع الفكرى والمعارك الفكرية /
_cمحمد عمارة
260 _a[S.N] :
_bالهيئة المصرية العامة للكتاب ،
_c1992
300 _a119 ص
490 _a
650 0 4 _aالاسلام
650 0 4 _aالفرق الاسلامية
650 0 4 _aالغزالى
650 0 4 _aعلم الكلام
942 _2ddc
_cBK
999 _c28710
_d28710